| 000 | 00654nam a22001935i 4500 | ||
|---|---|---|---|
| 001 | 54429 | ||
| 003 | ES-MaACL | ||
| 005 | 20250522203628.0 | ||
| 007 | t| | ||
| 008 | 960722s1839 sp ||||1| spa d | ||
| 110 | 2 |
_aInstituto de San Sebastián. _95006 |
|
| 245 | 1 | 0 |
_aReglamento del Instituto de San Sebastián / _credactado por su director Carlos R. Fort de Pazos. |
| 260 |
_aSan Sebastián : _b[s.n.], _c1839 ( _fen la imprenta de Ramón Baroja) |
||
| 300 |
_a[2], 14 p. ; _c19 cm. |
||
| 610 | 2 | 4 |
_aInstituto de San Sebastián. _95006 |
| 700 | 1 |
_aFort, Carlos Ramón, _d1807-1878 _951833 |
|
| 852 | 4 |
_aES-MaACL _jT-133-F-3 |
|
| 999 |
_c54429 _d54429 |
||